|
|
|
|
| LEADER |
00000nam^a2200000^a^4500 |
| 001 |
000419526 |
| 005 |
20250526000000.0 |
| 009 |
20260310122447.186 |
| 037 |
|
|
|a Acervo ITESO - Biblioteca
|
| 041 |
|
|
|a ESP
|
| 082 |
|
|
|a 809. 2
|b DUR
|
| 100 |
|
|
|a Dürrenmatt, Friedrich
|e (autor)
|
| 245 |
1 |
0 |
|a Problemas teatrales /
|c F. Dürrenmatt ; tr. por A. Cahn.
|
| 264 |
|
4 |
|a Buenos Aires, Argentina :
|b Sur,
|c 1961, c1961
|
| 300 |
|
|
|a 75 p. ;
|c 20.0 cm.
|
| 336 |
|
|
|a texto
|b txt
|2 rdacontenido
|
| 337 |
|
|
|a sin mediación
|b n
|2 rdamedio
|
| 338 |
|
|
|a volumen
|b nc
|2 rdasoporte
|
| 440 |
|
1 |
|a (Sur ;
|v 15)
|
| 500 |
|
|
|a Traducción de: Theater Probleme
|
| 545 |
0 |
|
|a Friedrich Dürrenmatt (Konolfingen, 1921 – Neuchâtel, 1990), dramaturgo y narrador suizo de lengua alemana, reconocido como uno de los mayores exponentes del teatro épico, corriente encabezada por Bertolt Brecht. Inició en 1941 sus estudios en Filosofía y Lengua y Literatura Alemana en la Universidad de Zurich y los prosiguió en la Universidad de Berna, pero dos años más tarde interrumpió su carrera académica y escribió en 1947 su primera obra, Es steht geschrieben [Está escrito] (1947). Dürrenmatt alcanzó su primer gran éxito con Rómulo Magno o Rómulo el Grande (1950), exploración teatral de los últimos días del Imperio Romano. Hércules y el establo de Augias (1954), La visita de la vieja dama (1956), la sátira Los físicos (1962) y El cooperador (1976) se contaron entre sus más conocidas contribuciones posteriores al género dramático, en tanto El juez y su verdugo (1952), La sospecha (1952), Griego busca griega (1955), La promesa (1958) y Justicia (1985) son algunas muestras de su obra narrativa, reconocida en especial por las reformulaciones que plantea del género policíaco. Célebre por sus propuestas dramáticas vanguardistas, sus novelas policíacas profundamente filosóficas y su macabro sentido satírico, el autor suizo ofreció en 1990 dos discursos en honor a los políticos Vaclav Havel y Mijaíl Gorbachov.
|
| 545 |
0 |
|
|a Johann Christoph Friedrich von Schiller (1759-1805) fue un dramaturgo, filósofo e historiador alemán, considerado, junto con Goethe, el dramaturgo más representativo de Alemania y una de las más grandes figuras de la literatura europea. Se caracteriza por su idealismo moral, su optimismo, su clásico sentido de la forma y su elocuente dicción poética. Fue educado como militar y estudió derecho y medicina; fue asignado como médico del regimiento de Württemberg siendo aún estudiante, en ese período escribió su primera obra teatral Los bandidos (1781) y, habiendo abandonado el regimiento para ir la puesta en escena de la misma, fue perseguido y vivió como fugitivo los siguientes diez años. En ese período escribió Intrigas y amor (1783) y Don Carlos (1787), su primera obra en verso libre con un estilo más clásico. Luego se dedicó a obras históricas y filosóficas, pero por influencia de Goethe, con quien entabló amistad, volvió a dedicarse a la poesía y al teatro con mayor dedicación y éxito. Escribió, entre otras obras, Los Piccolomini (1799); La muerte de Wallenstein (1800), basada en la guerra de los Treinta Años; María Estuardo (1800); La novia de Messina (1803) y Guillermo Tell (1804).
|
| 649 |
|
|
|a XX
|
| 650 |
|
|
|a Escritores Alemanes
|
| 650 |
|
|
|a Teatro -
|x Historia y Crítica -
|x Tema Principal
|
| 650 |
|
|
|a Literatura -
|x Historia y Crítica
|
| 600 |
|
|
|a Schiller, Friedrich
|
| 700 |
|
|
|a Cahn, Alfredo
|e (traducción)
|
| 910 |
|
|
|a Fondo Alfonso de Alba Martín
|
| 920 |
|
|
|a Impresos - Libros
|
| 930 |
|
|
|a Libros Antiguos y Raros
|
| 940 |
|
|
|a Literatura
|
| 905 |
|
|
|a 125
|
| 901 |
|
|
|a 0500332187
|b IT2
|c LRA
|i D100876
|u 20250526
|
| 902 |
|
|
|a https://opac.biblio.iteso.mx/vufind/Record/000419526
|